[Event "Patras op"]
[Site "Patras"]
[Date "2002.08.05"]
[Round "6.42"]
[White "Tseles, Drosos"]
[Black "Tsagaris, Spiros"]
[Result "1/2-1/2"]
[WhiteElo "1520"]
[BlackElo "1325"]
[PlyCount "22"]
[EventDate "2002.08.??"]
[EventType "swiss"]
[EventRounds "9"]
[EventCountry "GRE"]
[SourceTitle "CBM 089 Extra"]
[Source "ChessBase"]
[SourceDate "2002.09.10"]
[SourceVersion "2"]
[SourceVersionDate "2002.09.10"]
[SourceQuality "1"]

1. e4 e6 2. d4 d5 3. Nd2 c5 4. Ngf3 Nf6 5. Bb5+ Bd7 6. Bxd7+ Nfxd7 7. 0-0 Nb6 8. dxc5 Bxc5 9. Nb3 N8d7 10. exd5 Nxd5 11. Nxc5 Nxc5 1/2-1/2

[Event "Patras op"]
[Site "Patras"]
[Date "2002.08.03"]
[Round "4.43"]
[White "Tsagaris, Spiros"]
[Black "Aggelatos, G."]
[Result "1/2-1/2"]
[WhiteElo "1325"]
[BlackElo "1290"]
[PlyCount "51"]
[EventDate "2002.08.??"]
[EventType "swiss"]
[EventRounds "9"]
[EventCountry "GRE"]
[SourceTitle "CBM 089 Extra"]
[Source "ChessBase"]
[SourceDate "2002.09.10"]
[SourceVersion "2"]
[SourceVersionDate "2002.09.10"]
[SourceQuality "1"]

1. e4 e5 2. d4 exd4 3. Qxd4 Nc6 4. Qe3 d6 5. Bd2 Nf6 6. Nc3 Be7 7. 0-0-0 Be6 8. Bb5 0-0 9. Bd3 Re8 10. h3 a6 11. g4 d5 12. exd5 Nxd5 13. Qe1 Nxc3 14. Bxc3 Bg5+ 15. Kb1 Bxa2+ 16. Kxa2 Rxe1 17. Bxh7+ Kxh7 18. Rxd8 Rxd8 19. Bxe1 Rd1 20. Nf3 Bf4 21. Rg1 Ne5 22. Nxe5 Bxe5 23. f3 Bf4 24. Bf2 Rxg1 25. Bxg1 Kg6 26. Bf2 1/2-1/2

[Event "Patras op"]
[Site "Patras"]
[Date "2002.08.02"]
[Round "2.32"]
[White "Tsagaris, Spiros"]
[Black "Alevizos, Konstantinos"]
[Result "1/2-1/2"]
[WhiteElo "1325"]
[BlackElo "1690"]
[PlyCount "65"]
[EventDate "2002.08.??"]
[EventType "swiss"]
[EventRounds "9"]
[EventCountry "GRE"]
[SourceTitle "CBM 089 Extra"]
[Source "ChessBase"]
[SourceDate "2002.09.10"]
[SourceVersion "2"]
[SourceVersionDate "2002.09.10"]
[SourceQuality "1"]

1. e4 d6 2. d4 Nf6 3. Nc3 c6 4. h3 Nbd7 5. Bc4 b5 6. Bd3 e5 7. Nf3 Be7 8. 0-0 0-0 9. a3 Bb7 10. Bg5 a6 11. dxe5 dxe5 12. Bxf6 Bxf6 13. Qd2 c5 14. Rfe1 c4 15. Bf1 Qc7 16. Rad1 Rad8 17. Qe3 Be7 18. Nd5 Qd6 19. Nxe7+ Qxe7 20. Qc3 f6 21. Nh4 Nc5 22. Nf5 Qc7 23. Rxd8 Rxd8 24. Ng3 Rd4 25. f3 Qb6 26. Kh1 Na4 27. Qe3 Qd8 28. Nf5 Rd2 29. Qa7 Qc7 30. b3 Nb6 31. bxc4 Nc8 32. Qe3 Rxc2 33. Qb3 1/2-1/2